Business logistics management

Salvato in:
Dettagli Bibliografici
Autore principale: Ballou, Ronald H (Autore)
Natura: Libro
Lingua:inglese
Pubblicazione: Englewood Cliffs Prentice-Hall 1992
Edizione:3a. ed
Soggetti:
Tags: Aggiungi Tag
Nessun Tag, puoi essere il primo ad aggiungerne!!

MARC

LEADER 00000nam a2200000 a 4500
001 UCQ3088
003 CL-VaPUC
008 980817e19920000us |||||||||||||||||eng|d
082 0 4 |a 658.5  |b BAL  |2 21 
100 0 |a Ballou, Ronald H  |e author  |9 417161 
245 1 0 |a Business logistics management 
250 |a 3a. ed 
300 |a 688 p 
942 |c BK 
945 |d 19980817 00:00:00  |a mvenant 
260 |a Englewood Cliffs  |b Prentice-Hall  |c 1992 
650 0 |a Administración de empresas   |9 260833 
650 0 |a Empresas   |9 255569 
650 7 |a PLANIFICACION OPERACIONAL  |2 CL-VaPUC  |9 340981 
650 7 |a CONTROL ADMINISTRATIVO  |2 CL-VaPUC  |9 368209 
650 0 |a Operaciones administrativas  |9 335045 
650 7 |a TRANSPORTE DE CARGA  |2 CL-VaPUC  |9 267314 
650 0 |a Almacenamiento  |9 341876 
583 |a last modification  |c 20150424 04:11:53  |k Rodrigo Vera 
999 |c 273736  |d 273734 
952 |0 0  |1 0  |4 0  |6 658_500000000000000_BAL_1992  |7 0  |8 A  |9 309585  |a BIBING  |b BIBING  |d 2019-11-20  |i 3451305  |o 658.5 BAL 1992  |p 3451305  |r 2025-01-20  |w 2019-11-20  |y BK  |k EII